[Event "Oberliga Nord N 2223"]
[Site "Germany"]
[Date "2022.12.11"]
[Round "3.8"]
[White "Cremer, Jochen"]
[Black "Dietz, Juergen"]
[Result "0-1"]
[WhiteElo "2091"]
[BlackElo "2119"]
[PlyCount "90"]
[EventDate "2022.10.23"]
[EventType "team-tourn"]
[EventRounds "9"]
[EventCountry "GER"]
[SourceTitle "EXT 2025"]
[Source "ChessBase"]
[SourceDate "2024.10.14"]
[SourceVersion "1"]
[SourceVersionDate "2024.10.14"]
[SourceQuality "1"]
[WhiteTeam "Hamburg Koenigsspringer"]
[BlackTeam "Hamburg Schachfreunde"]
[WhiteTeamCountry "GER"]
[BlackTeamCountry "GER"]

1. c4 f5 2. Nc3 Nf6 3. g3 g6 4. Bg2 Bg7 5. d3 d6 6. e4 fxe4 7. dxe4 0-0 8. Nge2 c6 9. 0-0 Qa5 10. Bd2 Ng4 11. Nf4 Na6 12. Qe2 Nc5 13. b4 Qxb4 14. Ncd5 Qa3 15. Nxe7+ Kh8 16. Rad1 Ne5 17. Bc1 Qb4 18. Nxc8 Raxc8 19. Bh3 Rce8 20. Rxd6 Nxe4 21. Re6 Ng5 22. Rxe8 Nxh3+ 23. Nxh3 Rxe8 24. f4 Qxc4 25. Qe3 Rf8 26. Bb2 Nf3+ 27. Qxf3 Bxb2 28. Ng5 Re8 29. f5 Bf6 30. Nxh7 Bd4+ 31. Kh1 Kxh7 32. fxg6+ Kg7 33. Rd1 c5 34. Qh5 Rh8 35. Qf5 Rf8 36. Qd7+ Kxg6 37. Qg4+ Kh7 38. Qh5+ Kg8 39. Qg4+ Kh8 40. Qh5+ Kg7 41. Qg5+ Kf7 42. Qf4+ Ke6 43. Re1+ Kd7 44. Qg4+ Kd6 45. Qg6+ Rf6 0-1

[Event "GER Daehne Cup"]
[Site "Halle"]
[Date "2012.06.08"]
[Round "4.4"]
[White "Mueller, Wolfgang"]
[Black "Dietz, Juergen"]
[Result "1/2-1/2"]
[WhiteElo "2005"]
[BlackElo "2196"]
[PlyCount "74"]
[EventDate "2012.06.07"]
[EventType "k.o."]
[EventRounds "5"]
[EventCountry "GER"]
[SourceTitle "EXT 2016"]
[Source "ChessBase"]
[SourceDate "2015.10.08"]
[SourceVersion "1"]
[SourceVersionDate "2015.10.08"]
[SourceQuality "1"]

1. e4 e6 2. d4 d5 3. Nd2 Be7 4. Ngf3 Nf6 5. Bd3 c5 6. c3 cxd4 7. Nxd4 Nbd7 8. exd5 Nxd5 9. Ne4 N7f6 10. 0-0 0-0 11. Qb3 Qb6 12. Qxb6 axb6 13. Nxf6+ Bxf6 14. Nb5 Rd8 15. Bc4 Bd7 16. Re1 Bc6 17. Bxd5 Bxd5 18. Be3 Bc6 19. Nd4 Bd5 20. Nb5 Bc4 21. Na3 b5 22. Nxc4 bxc4 23. a4 Rd5 24. Bb6 Rd2 25. Reb1 g6 26. Kf1 Kg7 27. a5 Rd5 28. Ra4 Bd8 29. Rxc4 Bxb6 30. axb6 Rb5 31. Rd4 Rxb6 32. Ke2 Ra2 33. Rd2 Rc6 34. b3 Ra5 35. c4 h5 36. Rbb2 Rg5 37. g3 Kf6 1/2-1/2

[Event "GER Daehne Cup"]
[Site "Halle"]
[Date "2012.06.07"]
[Round "1.9"]
[White "Dietz, Juergen"]
[Black "Moeldner, Juergen"]
[Result "1/2-1/2"]
[WhiteElo "2196"]
[BlackElo "2267"]
[PlyCount "124"]
[EventDate "2012.06.07"]
[EventType "k.o."]
[EventRounds "5"]
[EventCountry "GER"]
[SourceTitle "EXT 2016"]
[Source "ChessBase"]
[SourceDate "2015.10.08"]
[SourceVersion "1"]
[SourceVersionDate "2015.10.08"]
[SourceQuality "1"]

1. f4 d5 2. Nf3 Nf6 3. g3 c5 4. Bg2 Nc6 5. 0-0 e6 6. d3 Be7 7. c3 0-0 8. Qa4 Bd7 9. Qc2 Qb6 10. Kh1 Rfd8 11. Be3 Qc7 12. Nbd2 Rac8 13. Rae1 b5 14. Bg1 c4 15. d4 Ne8 16. e4 f5 17. exd5 exd5 18. Nh4 Bxh4 19. Bxd5+ Kf8 20. gxh4 Ne7 21. Bg2 Ng6 22. Nf3 Nxf4 23. Ne5 Nxg2 24. Nxd7+ Qxd7 25. Qxf5+ Qxf5 26. Rxf5+ Nf6 27. Kxg2 a6 28. Re6 Ra8 29. Be3 Re8 30. Rfe5 Rxe6 31. Rxe6 Re8 32. Rxe8+ Kxe8 33. Kf3 Kd7 34. Bg5 Nd5 35. Ke4 Nb6 36. d5 Na4 37. Be3 Nxb2 38. Bd4 g6 39. Ke5 Nd3+ 40. Kf6 Kd6 41. Kg7 Kxd5 42. a3 a5 43. Bf6 Ke6 44. Bd4 Kf5 45. Kxh7 Nf4 46. Kh6 Kg4 47. Bf6 Kf5 48. Bd4 Ne2 49. Bh8 Ng1 50. h5 gxh5 51. Kxh5 Nf3 52. h3 Ne5 53. Bg7 b4 54. cxb4 axb4 55. axb4 c3 56. b5 c2 57. Bh6 Ke6 58. Kh4 Kd5 59. Kg3 Kc5 60. h4 Kxb5 61. Bc1 Kc4 62. h5 Kd5 1/2-1/2

[Event "Hamburg-chT Landesliga 1011"]
[Site "Hamburg"]
[Date "2011.04.16"]
[Round "8.5"]
[White "Dietz, Juergen"]
[Black "Fraas, Henning"]
[Result "1-0"]
[WhiteElo "2189"]
[BlackElo "2126"]
[PlyCount "79"]
[EventDate "2010.10.10"]
[EventType "team-tourn"]
[EventRounds "9"]
[EventCountry "GER"]
[SourceTitle "EXT 2022"]
[Source "ChessBase"]
[SourceDate "2021.10.06"]
[SourceVersion "1"]
[SourceVersionDate "2021.10.06"]
[SourceQuality "1"]
[WhiteTeam "Hamburg Schachfreunde"]
[BlackTeam "Hamburger SK V"]
[WhiteTeamCountry "GER"]
[BlackTeamCountry "GER"]

1. f4 e5 2. fxe5 Nc6 3. Nf3 d6 4. exd6 Bxd6 5. Nc3 Nf6 6. e3 0-0 7. Be2 Re8 8. 0-0 a6 9. a3 b5 10. b4 Ng4 11. h3 Nh6 12. e4 f5 13. d3 Qf6 14. Bd2 Qg6 15. Qe1 Bg3 16. Qd1 Nf7 17. Kh1 Nd6 18. Ng5 Rf8 19. exf5 Nxf5 20. Bh5 Qd6 21. Nce4 Qe5 22. Bg4 Bh4 23. Nf3 Qe7 24. Nxh4 Qxh4 25. Bxf5 Bxf5 26. Bg5 Bg4 27. Bxh4 Bxd1 28. Raxd1 Nd4 29. Rxf8+ Rxf8 30. Rd2 Rf1+ 31. Kh2 Ra1 32. Bf2 Ne6 33. Nc5 Nxc5 34. Bxc5 Rxa3 35. Rf2 h6 36. Rf8+ Kh7 37. Rc8 Ra2 38. Rxc7 Rxc2 39. Ra7 Ra2 40. Bf8 1-0

[Event "Oberliga Nord N 0708"]
[Site "Germany"]
[Date "2008.04.20"]
[Round "9.3"]
[White "Dietz, Juergen"]
[Black "Rosmann, Ilja"]
[Result "0-1"]
[WhiteElo "2237"]
[BlackElo "2264"]
[PlyCount "86"]
[EventDate "2007.10.21"]
[EventType "team-tourn"]
[EventRounds "9"]
[EventCountry "GER"]
[SourceTitle "EXT 2009"]
[Source "ChessBase"]
[SourceDate "2008.11.26"]
[SourceVersion "1"]
[SourceVersionDate "2008.11.26"]
[SourceQuality "1"]
[WhiteTeam "Hamburg Schachfreunde"]
[BlackTeam "Koenigsspringer"]
[WhiteTeamCountry "GER"]
[BlackTeamCountry "GER"]

1. f4 d5 2. e3 g6 3. Nf3 Bg7 4. Be2 c5 5. 0-0 Nc6 6. Nc3 Nh6 7. d3 d4 8. Ne4 b6 9. Ng3 dxe3 10. c3 Ng4 11. Ng5 h5 12. Qb3 0-0 13. h3 Nh6 14. Bf3 Na5 15. Qc2 Ba6 16. Rd1 Rc8 17. Bxh5 gxh5 18. d4 f5 19. dxc5 Qe8 20. Bxe3 bxc5 21. Qf2 h4 22. Nf1 Nc4 23. Ne6 Qc6 24. Nxf8 Rxf8 25. Nh2 Nxe3 26. Qxe3 Bf6 27. Rd2 Nf7 28. Rad1 Nd6 29. Rd5 c4 30. Qxa7 Bb7 31. Qc5 Qxc5+ 32. Rxc5 Be4 33. Nf3 Ra8 34. a3 Rb8 35. a4 Rxb2 36. a5 Ra2 37. Rf1 Bxc3 38. Kh1 Bd3 39. Rg1 Ne4 40. Rc8+ Kg7 41. Nxh4 Ng3+ 42. Kh2 Ne2 43. Rf1 Bd2 0-1

[Event "Oberliga Nord N 0708"]
[Site "Germany"]
[Date "2008.04.06"]
[Round "8.2"]
[White "Dietz, Juergen"]
[Black "Stephan, Axel"]
[Result "1-0"]
[WhiteElo "2237"]
[BlackElo "2274"]
[PlyCount "76"]
[EventDate "2007.10.21"]
[EventType "team-tourn"]
[EventRounds "9"]
[EventCountry "GER"]
[SourceTitle "EXT 2009"]
[Source "ChessBase"]
[SourceDate "2008.11.26"]
[SourceVersion "1"]
[SourceVersionDate "2008.11.26"]
[SourceQuality "1"]
[WhiteTeam "Hamburg Schachfreunde"]
[BlackTeam "Hamburg Diogenes"]
[WhiteTeamCountry "GER"]
[BlackTeamCountry "GER"]

1. f4 d5 2. Nf3 Nf6 3. e3 Bg4 4. Be2 c6 5. b3 Bxf3 6. Bxf3 Nbd7 7. Bb2 Qc7 8. d4 e6 9. 0-0 c5 10. c4 dxc4 11. bxc4 cxd4 12. Bxd4 Bc5 13. Nc3 a6 14. Rb1 Rb8 15. g4 h6 16. Rf2 Bxd4 17. Qxd4 e5 18. fxe5 Nxe5 19. Nd5 Nxd5 20. Bxd5 0-0 21. Rf5 Rfe8 22. Qf4 Re7 23. Rf1 b5 24. g5 hxg5 25. Rxg5 Rb6 26. cxb5 axb5 27. e4 Kf8 28. Rxe5 Qxe5 29. Qxe5 Rxe5 30. Rxf7+ Ke8 31. Rxg7 Rh6 32. Rg2 b4 33. Rb2 Rb6 34. Kf2 Rh5 35. Ke3 Rh3+ 36. Kd4 Ke7 37. Kc5 Rb8 38. Rf2 Rc8+ 1-0

[Event "Oberliga Nord N 0708"]
[Site "Germany"]
[Date "2008.01.20"]
[Round "5.3"]
[White "Kesten, Sebastian"]
[Black "Dietz, Juergen"]
[Result "1/2-1/2"]
[WhiteElo "2046"]
[BlackElo "2237"]
[PlyCount "39"]
[EventDate "2007.10.21"]
[EventType "team-tourn"]
[EventRounds "9"]
[EventCountry "GER"]
[SourceTitle "EXT 2009"]
[Source "ChessBase"]
[SourceDate "2008.11.26"]
[SourceVersion "1"]
[SourceVersionDate "2008.11.26"]
[SourceQuality "1"]
[WhiteTeam "Neukloster"]
[BlackTeam "Hamburg Schachfreunde"]
[WhiteTeamCountry "GER"]
[BlackTeamCountry "GER"]

1. d4 f5 2. e4 fxe4 3. Nc3 Nf6 4. Bg5 Nc6 5. d5 Ne5 6. Qd4 Nf7 7. Bh4 g5 8. Bg3 Bg7 9. 0-0-0 c6 10. Nxe4 Qb6 11. Nxf6+ Bxf6 12. Qxb6 axb6 13. Kb1 d6 14. c4 Ne5 15. Bxe5 Bxe5 16. Nf3 Bf6 17. Bd3 g4 18. Nd2 0-0 19. Be4 Bd7 20. f4 1/2-1/2

[Event "Oberliga Nord N 0708"]
[Site "Germany"]
[Date "2007.12.09"]
[Round "4.3"]
[White "Dietz, Juergen"]
[Black "Salov, Sergej"]
[Result "1/2-1/2"]
[WhiteElo "2237"]
[BlackElo "2278"]
[PlyCount "61"]
[EventDate "2007.10.21"]
[EventType "team-tourn"]
[EventRounds "9"]
[EventCountry "GER"]
[SourceTitle "EXT 2009"]
[Source "ChessBase"]
[SourceDate "2008.11.26"]
[SourceVersion "1"]
[SourceVersionDate "2008.11.26"]
[SourceQuality "1"]
[WhiteTeam "Hamburg Schachfreunde"]
[BlackTeam "Luebeck"]
[WhiteTeamCountry "GER"]
[BlackTeamCountry "GER"]

1. f4 Nf6 2. Nf3 g6 3. e3 Bg7 4. Be2 0-0 5. 0-0 d5 6. d3 Nc6 7. d4 Bf5 8. c3 Ne4 9. Nbd2 Nxd2 10. Qxd2 b6 11. b3 Qd6 12. c4 e6 13. c5 Qd8 14. Ba3 Ne7 15. Rac1 Bf6 16. Rc3 Rb8 17. cxb6 axb6 18. Ne5 Bxe5 19. fxe5 Ra8 20. Bb4 c5 21. dxc5 Nc6 22. a3 Qb8 23. cxb6 Nxb4 24. axb4 Qxb6 25. Qd4 Rfb8 26. Qxb6 Rxb6 27. g4 Be4 28. Rc7 Ra2 29. Rf2 Ra1+ 30. Bf1 Bd3 31. Rfxf7 1/2-1/2

[Event "Oberliga Nord N 0708"]
[Site "Germany"]
[Date "2007.10.21"]
[Round "1.3"]
[White "Nonnenmacher, Thomas"]
[Black "Dietz, Juergen"]
[Result "1-0"]
[WhiteElo "2206"]
[BlackElo "2237"]
[PlyCount "74"]
[EventDate "2007.10.21"]
[EventType "team-tourn"]
[EventRounds "9"]
[EventCountry "GER"]
[SourceTitle "EXT 2009"]
[Source "ChessBase"]
[SourceDate "2008.11.26"]
[SourceVersion "1"]
[SourceVersionDate "2008.11.26"]
[SourceQuality "1"]
[WhiteTeam "Pinneberg"]
[BlackTeam "Hamburg Schachfreunde"]
[WhiteTeamCountry "GER"]
[BlackTeamCountry "GER"]

1. c4 f5 2. Nc3 Nf6 3. g3 d6 4. Bg2 g6 5. d4 Bg7 6. Nf3 0-0 7. 0-0 Qe8 8. Bg5 c6 9. Rc1 e5 10. dxe5 dxe5 11. b4 Nh5 12. Qd2 Be6 13. Bh6 Bxc4 14. Bxg7 Kxg7 15. Qd6 Nd7 16. Rfd1 Nhf6 17. e4 fxe4 18. Ng5 h6 19. Ncxe4 hxg5 20. Rxc4 Nb6 21. Rcc1 Nxe4 22. Bxe4 Rf6 23. Qd2 g4 24. Qg5 Qe6 25. Rc5 Re8 26. Qd2 a6 27. Rc3 Nc4 28. Qe2 Nd6 29. Rcd3 Nxe4 30. Qxe4 Ref8 31. R1d2 Qf5 32. Qe3 e4 33. Rd4 Re8 34. Rd7+ Rf7 35. Qd4+ Kg8 36. Rxf7 Qxf7 37. Qd7 e3 1-0